Obálka Náhled e-knihy:
PDF Epub
Pro půjčování e-knih musíte být přihlášeni.
Jak si půjčit online?

Pád měsíce. Koruna věčného soumraku /

Skupina outsiderů se vydá na nebezpečnou pouť, aby odhalila tajemství z pradávné minulosti, která jsou klíčem k záchraně jejich světa. Nadaná studentka předpoví apokalypsu, ale "odměnou" je jí rozsudek smrti. Na útěku do neznáma se spojí s bývalým rytířem, který znovu pozvedne zbraně, jež...

Celý popis

Uloženo v:
Série:Pád měsíce, část 1
Hlavní autor: Rollins, James, 1961- (Autor)
Další autoři: Dušek, Zdík, 1976- (Autor)
Médium: E-kniha
Jazyk:Czech
Vydáno: Praha : BB/art, 2022
Vydání:První vydání v českém jazyce
Témata:
Příbuzné jednotky:Z cyklu:: Pád měsíce
Tagy:
Žádné tagy
LEADER 02778nam a2200469 i 4500
001 311593
003 CZ PrSKC
005 20260601215708.0
007 ta
008 220621s2022 xr a g 000 f cze
015 |a cnb003423194 
020 |a 9788075955739  |q (vázáno) 
035 |a (OCoLC)1357139616 
040 |a ABG001  |b cze  |d ABA001  |e rda 
041 1 |a cze  |h eng 
072 7 |a 821.111(73)-3  |x Americká próza  |2 Konspekt 
080 |a 821.111(73)-31  |2 MRF 
080 |a (0:82-312.9)  |2 MRF 
100 1 |a Rollins, James,  |d 1961-  |7 xx0035694  |4 aut 
240 1 0 |a Starless crown.  |l Česky 
245 1 0 |a Pád měsíce.  |p Koruna věčného soumraku /  |c James Rollins ; přeložil Zdík Dušek 
246 3 0 |a Koruna věčného soumraku 
250 |a První vydání v českém jazyce 
264 1 |a Praha :  |b BB/art,  |c 2022 
300 |a 495 stran :  |b ilustrace ;  |c 21 cm 
336 |a text  |b txt  |2 rdacontent 
337 |a bez média  |b n  |2 rdamedia 
338 |a svazek  |b nc  |2 rdacarrier 
500 |a Přeloženo z angličtiny 
520 2 |a Skupina outsiderů se vydá na nebezpečnou pouť, aby odhalila tajemství z pradávné minulosti, která jsou klíčem k záchraně jejich světa. Nadaná studentka předpoví apokalypsu, ale "odměnou" je jí rozsudek smrti. Na útěku do neznáma se spojí s bývalým rytířem, který znovu pozvedne zbraně, jež má zakázáno nosit, a vrátí se domů. S princem, který holduje pitkám, ale vystoupí z bratrova stínu a najde vlastní smysl života. A s uvězněným zlodějem, který unikne z důlní temnoty a objeví zářivý artefakt, jenž rozpoutá celosvětový zápas o moc. Na útěku před starými i novými nepřáteli se musí všichni čtyři naučit důvěřovat jeden druhému - jinak nemohou ve zvláštním, krásném, ale zároveň vražedném světě přežít. Každým okamžikem se však blíží záhuba. Koruna věčného soumraku je první částí cyklu Pád měsíce. Nakladatelská anotace. 
655 7 |a americké romány  |7 fd131796  |2 czenas 
655 7 |a fantasy romány  |7 fd184199  |2 czenas 
655 9 |a American fiction  |2 eczenas 
655 9 |a fantasy novels  |2 eczenas 
700 1 |a Dušek, Zdík,  |d 1976-  |7 ola20040616001  |4 trl 
765 1 |t Moon fall 
787 0 8 |i Z cyklu:  |t Pád měsíce  |g 1 
900 |a ABA001  |b 21 
044 |a xr 
910 |a RBIT002 
998 |d 354193  |a https://core.palmknihy.cz/api/books/354193/cover?rd90gn  |b https://core.palmknihy.cz/api/books/354193/cover/400?rd90gn  |c https://core.palmknihy.cz/api/books/354193/cover/50?rd90gn  |e 2026-12-13  |g 496  |i 9788075955739  |j https://core.palmknihy.cz/api/books/354193/preview.epub  |k https://core.palmknihy.cz/api/books/354193/preview.pdf  |l   |q 49  |r 1  |s https://www.palmknihy.cz/kniha/354193  |t ebook  |y 2022  |z 0  |v Pád měsíce  |w 1 
999 |d 311591